000 00426nam a22001577a 4500
005 20251108164707.0
008 250721s1977 xx 000 0 ara d
082 1 4 _a747/فار
100 1 _aضاهر، فارس متري
245 1 0 _aأصول هندسة الديكور /
264 1 _aبيروت :
_bدار القلم،
_c1977.
300 _a191ص : مص
650 1 7 _aالديكور
942 _2ddc
_cBK
999 _c12003
_d12003